000 00573nam a2200157 a 4500
001 000038658
005 20201002031327.0
008 130417s2007 dr 000 0 spa d
040 _aDO-SdBNP
_bspa
_cBNPHU
100 1 _aPimentel, Miguel
_99271
245 1 0 _aIdentidad, multi-culturalismo y capitalismo /
_cMiguel Pimentel.
260 _aSanto Domingo :
_bUniversitaria ,
_c2007.
300 _a287 p. :
_b21 cm.
490 1 _aPublicaciones de la Universidad Autónoma de Santo Domingo
_v1353
830 0 _aPublicaciones de la Universidad Autónoma de Santo Domingo
_n1353
_964986
999 _c38148
_d38148